Financovanie výskumu a vývoja

Snaha o analýzu oblasti financovania výdavkov na výskum a vývoj v rámci ERA (European research area - Európsky výskumný priestor). Analýza intenzity a trendov vo vývoji zdrojov financovania výskumu a vývoja v krajinách ERA. Materiál a metódy práce. Výsledky. Diskusia. Slovensko výrazne zaostáva v in...

Full description

Saved in:
Bibliographic Details
Main Author: Hečková, Jaroslava
Format: Book Chapter
Language:Slovak
Subjects:
Tags: Add Tag
No Tags, Be the first to tag this record!

MARC

LEADER 00000nla$a2200000$$$4500
001 0051033
005 20240502071606.5
041 0 |a slo 
044 |a SK 
245 1 0 |a Financovanie výskumu a vývoja  |c Jaroslava Hečková 
520 |a Snaha o analýzu oblasti financovania výdavkov na výskum a vývoj v rámci ERA (European research area - Európsky výskumný priestor). Analýza intenzity a trendov vo vývoji zdrojov financovania výskumu a vývoja v krajinách ERA. Materiál a metódy práce. Výsledky. Diskusia. Slovensko výrazne zaostáva v investovaní do výskumu a vývoja. 
610 2 0 |a výskum 
610 2 0 |a vývoj 
610 2 0 |a výdavky 
610 2 0 |a financovanie vývoja 
610 2 0 |a Európa 
100 1 |a Hečková, Jaroslava